History & Civics: (Record no. 183990)

MARC details
000 -LEADER
fixed length control field 00568nam a22001817a 4500
005 - DATE AND TIME OF LATEST TRANSACTION
control field 20220110125016.0
010 ## - LCCN (DPL NO)
LC control number ENG-131052
020 ## - INTERNATIONAL STANDARD BOOK NUMBER
International Standard Book Number 978-9352839117
Terms of availability 325.00
035 ## - SYSTEM CONTROL NUMBER
System control number EN-114584
037 ## - SOURCE OF ACQUISITION
Source of stock number/acquisition DBAD
082 ## - DEWEY DECIMAL CLASSIFICATION NUMBER
Classification number 900
100 ## - MAIN ENTRY--PERSONAL NAME
Personal name Gupta, Tapati Das
245 ## - TITLE STATEMENT
Title History & Civics:
Statement of responsibility, etc Tapati Das Gupta, Sohini Dasgupta
Remainder of title for class IX/
260 ## - PUBLICATION, DISTRIBUTION, ETC. (IMPRINT)
Place of publication, distribution, etc New Delhi
Name of publisher, distributor, etc S Chand School Books
Date of publication, distribution, etc 2013
270 ## - ADDRESS
City New Delhi
Address A-27, 2nd Floor, Mohan Co-operative Industrial Estate
Postal code 110044
300 ## - PHYSICAL DESCRIPTION
Extent 292p.
Dimensions 27cm(pbk)
942 ## - ADDED ENTRY ELEMENTS (KOHA)
Source of classification or shelving scheme Dewey Decimal Classification
Item type English Books
Classification part 900
Call number suffix GUP
Holdings
Withdrawn status Lost status Not for loan Collection code Home library Current library Date acquired Source of acquisition Cost, normal purchase price Full call number Barcode Copy number Cost, replacement price Koha item type
      Non-fiction Central Library Central Library 10/01/2022 DBAD/PUB 325.00 900 GUP EN-114584 1 325.00 English Books

© Delhi Public Library
Hit Counter
free hit counter